Fundamentals of managerial economics

Gardado en:
Detalles Bibliográficos
Main Authors: Gough, Julian (Author), Hill, Stephen (Author)
Formato: Libro
Idioma:inglés
Publicado: Londres MacMillan Press 1979
Subjects:
Tags: Engadir etiqueta
Sen Etiquetas, Sexa o primeiro en etiquetar este rexistro!

MARC

LEADER 00000nam a2200000 a 4500
001 UCQ0697
003 CL-VaPUC
008 980703e19790000UK |||||||||||||||||eng|d
082 0 4 |a 658.15  |b GOU  |2 21 
100 0 |a Gough, Julian  |e author  |9 413992 
700 0 |a Hill, Stephen  |e author  |9 413993 
245 1 0 |a Fundamentals of managerial economics 
300 |a 254 p 
942 |c BK 
945 |d 19980703 00:00:00  |a cmena 
260 |a Londres  |b MacMillan Press  |c 1979 
650 0 |a Administración financiera  |9 261146 
650 0 |a Finanzas  |9 260832 
650 0 |a Administración de empresas   |9 260833 
650 0 |a Toma de decisiones   |9 257530 
650 0 |a Análisis de mercado   |9 260838 
650 0 |a Contabilidad de costos   |9 260564 
650 0 |a Costos   |9 261063 
650 0 |a Precios   |9 260787 
650 0 |a Publicidad  |9 314572 
650 0 |a Inversiones  |9 345867 
650 0 |a Inventario  |9 402445 
650 0 |a Control presupuestario  |9 345693 
583 |a last modification  |c 19980703 00:00:00  |k Rodrigo Vera 
999 |c 271734  |d 271732 
952 |0 0  |1 0  |4 0  |6 658_150000000000000_GOU_1979  |7 0  |8 P  |9 306481  |a BIBGIM  |b BIBGIM  |d 2019-11-20  |i 1430335  |o 658.15 GOU 1979  |p 1430335  |r 2025-01-15  |w 2019-11-20  |y BK  |k COM